00400nam a22001217a 450000500170000001000130001702000260003003700220005624500980007826000390017627000430021530000200025820211108111714.0 aEN230921 a9789390101962c400.00 bPrabhat Prakashan aSyama prasad Mookerjee his death in detention: A case for enquiryced by Uma prasad Mookerjee aNew DelhibPrabhat Prakashanc2020 a4/19 Asaf Ali Road,bNew Delhie110002 a174p.c24cm(Hb)